000
00263nam a2200097Ia 4500
001
784438
005
20250826170241.0
008
250824s9999 xx 000 0 und d
245
0
_a
BİR KÜÇÜK OSMANCIK VARDI
_c
HASAN NAİL CANAT
260
_b
GENÇ TİMAŞ YAYINLARI
999
_c
784438
_d
784438